01299nam a22003257a 4500003000500000005001700005008004100022010001000063011001000073035001000083040000900093082001600102100002800118245013300146260006700279300000900346590004100355590004100396590004100437590004200478650002800520650003100548901000700579942001000586949005800596949005800654999001700712952012200729952012200851CHAP20220329134529.0971013s1879 r 00010 d a21704 a22676 a26771 cCHAP a389.152bB600aBourgeois, J. J.914774 aNouveau manuel des poids et mesures et de la vérifiction ; systeme métrique appliqué á la mesure de toutes les grandeurs aParis :bLibrairie Administrative et des Chemins de fer,c1879 a2 v. aBATCH-UPDb10c20130110lUCH01h1549 aBATCH-UPDb10c20130410lUCH01h0948 aBATCH-UPDb10c20130914lUCH01h0752 aCONVERSIONb10c20130109lUCH01h131314aPesas y medidas.98734914aSistema métrico.9106718 aBK cLIBRO a389.152 B6bBCcBPPd-61758eBPPfv.1h7187i26771si a389.152 B6bBCcBPPd-61759eBPPfv.2h7188i26771si c21704d21704 00102ddc4051708FRaBCbBCd2019-12-31fLIBROl0o389.152 B6p-61758r2019-12-31 00:00:00tv.1w2019-12-31yLIBRO 00102ddc4051708FRaBCbBCd2019-12-31fLIBROl0o389.152 B6p-61759r2019-12-31 00:00:00tv.2w2019-12-31yLIBRO